| 000 | 00657nam a22002057a 4500 | ||
|---|---|---|---|
| 999 |
_c6557 _d6557 |
||
| 003 | AR-CdUCM | ||
| 008 | 190318b ||||| |||| 00| 0 spa d | ||
| 020 | _a968-419-141-3 | ||
| 040 |
_aMUNICIPALIDAD PROVINCIAL DEL CUSCO _cBIBLIOTECA MUNICIPAL DEL CUSCO |
||
| 082 |
_a366 / _bEN56 |
||
| 100 |
_aGallatin Mackey, Albert _918506 |
||
| 245 |
_aEnciclopedia de La Francmasonería : _by su Relación con las Ciencias / |
||
| 260 |
_aMéxico : _bGrijalbo ; _c1981. |
||
| 300 |
_a418 páginas ; _bIlustraciones _c22cm |
||
| 505 | _aContenido: Enciclopedia / | ||
| 650 |
_aMasonería _918507 |
||
| 650 |
_aMasones _918508 |
||
| 942 |
_2ddc _cLIBROS |
||
| 945 | _anom | ||